[Event "AUTO-ADV-974"]
[Site "http://www.queenalice.com/game.php?id=434068"]
[Date "2008.7.16"]
[Round "1"]
[White "tundish"]
[Black "Mikalus"]
[Result "1-0"]
[WhiteElo "1979"]
[BlackElo "1770"]

1. c4 c5 2. g3 Nc6 3. Bg2 e6 4. Nc3 Nge7 5. Nf3 d5 6. O-O g6 7. b3 Bg7 8. Bb2 a6
9. d3 d4 10. Ne4 f5 11. Nxc5 O-O 12. e3 b6 13. Na4 Bb7 14. Ng5 Rb8 15. Nxe6 Qd7
16. Nxf8 Rxf8 17. Nxb6 Qc7 18. Nd5 Nxd5 19. Bxd5+ Kh8 20. Qd2 1-0

[Event "AUTO-ADV-974"]
[Site "http://www.queenalice.com/game.php?id=434073"]
[Date "2008.7.16"]
[Round "1"]
[White "fugazeton2"]
[Black "tundish"]
[Result "0-1"]
[WhiteElo "1575"]
[BlackElo "1998"]

1. d4 d5 2. c4 c6 3. Nf3 Nf6 4. c5 Bf5 5. Nc3 b6 6. cxb6 Qxb6 7. Qb3 Qxb3 8.
axb3 e6 9. e3 Bc2 10. b4 Bxb4 11. Bd2 O-O 12. Rc1 Bg6 13. Ne5 Rc8 14. Be2 Nbd7
15. Nxg6 hxg6 16. O-O a5 17. Bf3 c5 18. dxc5 Rxc5 19. Rfd1 Rac8 20. g3 Ne5 21.
Be2 Nfd7 22. f4 Nc4 23. Bxc4 Rxc4 24. Kf2 Nc5 25. Ke2 Nb3 26. Rc2 d4 27. exd4
Nxd4+ 28. Kd3 Nxc2 29. Kxc2 Rd4 30. h4 a4 31. Kb1 a3 32. bxa3 Bxc3 33. Rc1 Rb8+
0-1

[Event "AUTO-ADV-974"]
[Site "http://www.queenalice.com/game.php?id=434074"]
[Date "2008.7.16"]
[Round "1"]
[White "tundish"]
[Black "fugazeton2"]
[Result "1-0"]
[WhiteElo "1979"]
[BlackElo "1547"]

1. c4 e5 2. g3 f5 3. Bg2 Nf6 4. d4 e4 5. Nc3 Bb4 6. Bg5 Be7 7. f3 h6 8. Bxf6
Bxf6 9. fxe4 fxe4 10. Bxe4 O-O 11. Nf3 c6 12. Bc2 d5 13. Qd3 Qe7 14. Qh7+ Kf7
15. Bg6+ Ke6 16. cxd5+ Kd6 17. dxc6 Nxc6 18. Bc2 g5 19. Qxh6 Kc7 20. Nd5+ 1-0

[Event "AUTO-OPEN-1038"]
[Site "http://www.queenalice.com/game.php?id=458282"]
[Date "2008.9.4"]
[Round "3"]
[White "Soulpower74"]
[Black "tundish"]
[Result "1/2-1/2"]
[WhiteElo "2048"]
[BlackElo "1958"]

1. d4 Nf6 2. c4 g6 3. Nf3 Bg7 4. Nc3 d5 5. cxd5 Nxd5 6. e4 Nxc3 7. bxc3 c5 8.
Bc4 O-O 9. O-O Nc6 10. e5 Bg4 11. Be3 Qc7 12. h3 Bxf3 13. Qxf3 cxd4 14. cxd4
Nxe5 15. dxe5 Qxc4 16. Qxb7 Bxe5 17. Rac1 Qxa2 18. Qxe7 Rfe8 19. Qb7 a5 20. Bh6
a4 21. Rfe1 Bd4 22. Qf3 Qb3 23. Rxe8+ Rxe8 24. Qc6 Qe6 25. Qxa4 Qe4 26. Qc6 Qxc6
27. Rxc6 Re1+ 28. Kh2 Re8 29. Kg3 f5 30. f3 Bg7 1/2-1/2

[Event "AUTO-OPEN-1038"]
[Site "http://www.queenalice.com/game.php?id=458283"]
[Date "2008.9.4"]
[Round "3"]
[White "tundish"]
[Black "Soulpower74"]
[Result "1-0"]
[WhiteElo "1962"]
[BlackElo "2084"]

1. c4 e6 2. g3 Nf6 3. Bg2 d5 4. Nf3 c6 5. O-O dxc4 6. a4 Nbd7 7. Na3 Be7 8. Nxc4
O-O 9. d3 Nb6 10. Qc2 Nfd5 11. Bd2 Bf6 12. Rab1 Nxc4 13. Qxc4 e5 14. b4 Be6 15.
Qe4 Qc7 16. Rfc1 Rfd8 17. Bg5 Ne7 18. Bxf6 gxf6 19. Qh4 Kg7 20. b5 c5 21. a5 Ng6
22. Qa4 b6 23. Nd2 Rab8 24. Ne4 Rd4 25. Qa3 f5 26. Nxc5 bxc5 27. Rxc5 Qd6 28.
Qc3 Ne7 29. Rc7 Nd5 30. Bxd5 Qxd5 31. Rc5 Qd6 32. Rc6 Qd8 33. b6 axb6 34. axb6
Bd5 35. Rc7 Bb7 36. Rb5 Qd6 37. f3 Rd5 38. Rb2 Kg6 39. Kf2 h5 40. h4 f4 41. g4
hxg4 42. fxg4 Qe6 43. h5+ Kg5 44. e4 Rd6 45. Rb5 Rd4 46. Qxd4 Qa2+ 47. Kf3 f6
48. Rg7+ Kh4 49. Qf2+ 1-0

[Event "Challenge"]
[Site "http://www.queenalice.com/game.php?id=492788"]
[Date "2008.11.13"]
[Round "-"]
[White "scaramouche"]
[Black "tundish"]
[Result "0-1"]
[WhiteElo "1818"]
[BlackElo "1994"]

1. c4 f5 2. Nc3 Nf6 3. g3 e6 4. Bg2 c6 5. e3 d5 6. cxd5 exd5 7. d4 Bd6 8. Nf3
Nbd7 9. O-O O-O 10. Qd3 Ne4 11. a3 Qf6 12. Ne2 Qh6 13. Nd2 Ndf6 14. f3 Nxd2 15.
Bxd2 Bd7 16. e4 fxe4 17. fxe4 dxe4 18. Bxe4 Qh3 19. Bg2 Qh5 20. Bf4 Bxf4 21.
Nxf4 Qh6 22. h3 Kh8 23. Rae1 Rae8 24. Re2 g5 25. Rxe8 Rxe8 26. Ne2 Kg7 27. g4
Be6 28. Ng3 Qg6 29. Nf5+ Kh8 30. Re1 Bxf5 31. Rxe8+ Nxe8 32. gxf5 Qf6 33. b4 Nd6
34. Be4 Kg7 35. Kg2 h5 36. Kg3 Nb5 37. d5 Qe5+ 38. Kf3 Qf4+ 39. Kg2 Nd6 40. dxc6
bxc6 41. Bxc6 Kf6 42. Bd7 Qe4+ 43. Qxe4 Nxe4 44. Be6 Nd6 45. Kg3 Nxf5+ 46. Bxf5
Kxf5 47. Kf3 Ke5 48. Ke3 Kd5 49. Kd3 h4 50. b5 g4 0-1

[Event "Challenge"]
[Site "http://www.queenalice.com/game.php?id=492789"]
[Date "2008.11.13"]
[Round "-"]
[White "tundish"]
[Black "scaramouche"]
[Result "1-0"]
[WhiteElo "1983"]
[BlackElo "1847"]

1. e4 e5 2. f4 exf4 3. Bc4 Qh4+ 4. Kf1 d5 5. Bxd5 g5 6. Nc3 c6 7. Bb3 Be6 8. d3
Bg7 9. Bd2 Bd4 10. Qe2 Nf6 11. Bxe6 fxe6 12. Nf3 Qf2+ 13. Qxf2 Bxf2 14. Kxf2
Ng4+ 15. Ke2 h6 16. h4 Nd7 17. hxg5 e5 18. Rh4 h5 19. Rah1 O-O-O 20. Rxh5 Rxh5
21. Rxh5 Ne3 22. Bxe3 fxe3 23. Kxe3 Re8 24. g6 Nf6 25. Rf5 Ng4+ 26. Ke2 Re6 27.
Rg5 Rf6 28. Rxg4 1-0

[Event "Let's Play Chess!"]
[Site "http://www.queenalice.com/game.php?id=519564"]
[Date "2009.1.9"]
[Round "-"]
[White "tundish"]
[Black "wilfried"]
[Result "0-1"]
[WhiteElo "2003"]
[BlackElo "1985"]

1. c4 e5 2. g3 Nf6 3. Bg2 Nc6 4. Nc3 Bc5 5. a3 d6 6. e3 O-O 7. b4 Bb6 8. Nge2
Ne7 9. O-O Be6 10. d3 c6 11. a4 a5 12. Rb1 axb4 13. Rxb4 Ra6 14. Qb3 Ba5 15.
Rxb7 Bc8 16. Ba3 Bxb7 17. Qxb7 Rb6 18. Qa7 Rb3 19. Bxd6 Nc8 20. Qc5 Nxd6 21.
Qxe5 Bxc3 22. Nxc3 Re8 23. Qd4 c5 24. Qxc5 Rxc3 25. a5 Rxd3 26. a6 Nde4 27. Qb4
Rd1 28. Bf3 Rxf1+ 29. Kxf1 Nd2+ 0-1

[Event "AUTO-MASTER-718"]
[Site "http://www.queenalice.com/game.php?id=525753"]
[Date "2009.1.19"]
[Round "1"]
[White "m_2788"]
[Black "tundish"]
[Result "1-0"]
[WhiteElo "2085"]
[BlackElo "2021"]

1. d4 Nf6 2. c4 e6 3. Nc3 c5 4. d5 exd5 5. cxd5 d6 6. e4 g6 7. Nf3 a6 8. a4 Bg7
9. Be2 O-O 10. O-O Re8 11. Qc2 Bg4 12. Bg5 Nbd7 13. h3 Bxf3 14. Bxf3 Ne5 15. Be2
Qc7 16. f4 Ned7 17. a5 h6 18. Bh4 Rac8 19. Bc4 Ra8 20. Rfe1 b5 21. axb6 Qxb6 22.
Ra3 Nh5 23. Rb3 Qc7 24. Ne2 Nxf4 25. Nxf4 g5 26. Nh5 gxh4 27. Nxg7 Kxg7 28. Qf2
Ne5 29. Bf1 Qe7 30. Qc2 Qg5 31. Ra1 Nf3+ 32. Rxf3 1-0

[Event "AUTO-MASTER-718"]
[Site "http://www.queenalice.com/game.php?id=525754"]
[Date "2009.1.19"]
[Round "1"]
[White "tundish"]
[Black "m_2788"]
[Result "1/2-1/2"]
[WhiteElo "2012"]
[BlackElo "2111"]

1. e4 c5 2. Nc3 d6 3. f4 a6 4. Bc4 Nf6 5. a3 e6 6. d3 Be7 7. Nf3 O-O 8. O-O b5
9. Bb3 Bb7 10. Qe1 Nbd7 11. Qg3 Qc7 12. Bd2 c4 13. Ba2 cxd3 14. cxd3 Nc5 15. Nd4
e5 16. Nf5 g6 17. Nh6+ Kg7 18. fxe5 dxe5 19. Rf3 Ne6 20. Raf1 Nf4 21. Bxf4 exf4
22. Qg5 Nxe4 23. Nf5+ Kh8 24. Qh6 Qc5+ 25. Kh1 Qxf5 26. dxe4 Qe5 27. Qxf4 Qxf4
28. Rxf4 f6 29. Nd5 Bxd5 30. Bxd5 Rab8 31. b4 Kg7 32. h4 Rfc8 33. R4f3 Rc7 34.
g4 h6 35. g5 hxg5 36. hxg5 fxg5 37. Rf7+ Kh6 38. Kg2 g4 39. Kg3 Kg5 40. e5 Rh8
41. Kg2 Rc2+ 42. R1f2 Rxf2+ 43. Kxf2 Rf8 44. Rxf8 Bxf8 45. Kg3 Kf5 46. Bb7 Kxe5
47. Kxg4 Kd4 48. Bxa6 Bxb4 1/2-1/2

[Event "AUTO-MASTER-718"]
[Site "http://www.queenalice.com/game.php?id=525769"]
[Date "2009.1.19"]
[Round "1"]
[White "lrmaster"]
[Black "tundish"]
[Result "1-0"]
[WhiteElo "2063"]
[BlackElo "1986"]

1. d4 Nf6 2. Nc3 d5 3. Nf3 e6 4. a3 c5 5. Bg5 Nc6 6. e4 dxe4 7. Nxe4 cxd4 8. c3
Be7 9. Bxf6 gxf6 10. Nxd4 Bd7 11. Nxc6 Bxc6 12. Qxd8+ Rxd8 13. Ng3 h5 14. h3 h4
15. Ne2 Bc5 16. Nc1 Rh5 17. f3 Re5+ 18. Be2 Bb5 19. b4 Bb6 20. a4 Bxe2 21. Nxe2
Rd3 22. Rc1 Be3 23. Rc2 Bf4 24. Kf2 Be3+ 25. Ke1 Red5 26. Nd4 Bxd4 27. cxd4
R3xd4 28. Ke2 Rxb4 29. Ra1 Rg5 30. Kf2 Ra5 31. Rc8+ Kd7 32. Rf8 Ke7 33. Rc8 b6
34. Rc7+ Kf8 35. Rc8+ Kg7 36. Rd1 Raxa4 37. Rdd8 Rd4 38. Rg8+ Kh6 39. Rc7 Kh7
40. Rcc8 b5 41. Rh8+ Kg6 42. Rcg8+ 1-0

[Event "AUTO-MASTER-718"]
[Site "http://www.queenalice.com/game.php?id=525770"]
[Date "2009.1.19"]
[Round "1"]
[White "tundish"]
[Black "lrmaster"]
[Result "1/2-1/2"]
[WhiteElo "2008"]
[BlackElo "2099"]

1. e4 e5 2. Nf3 d6 3. d4 exd4 4. Nxd4 Nf6 5. Nc3 Bd7 6. Bf4 a6 7. Be2 Nc6 8. Qd2
Nxd4 9. Qxd4 Be7 10. O-O-O O-O 11. g4 Bxg4 12. f3 Bd7 13. Rhg1 Ne8 14. Nd5 Kh8
15. Rg2 Be6 16. Rdg1 Bxd5 17. exd5 Bf6 18. Qe4 Qe7 19. Qf5 g6 20. Qg4 Be5 21.
Bd2 Nf6 22. Qc4 Ne8 23. f4 Bg7 24. f5 Qe5 25. Bc3 Qxf5 26. Bd3 Qd7 27. h4 h5 28.
Bd2 Qb5 29. Qxb5 axb5 30. a3 c6 31. dxc6 bxc6 32. Be4 d5 33. Bd3 Bd4 34. Rf1 Nd6
35. Bg5 Rae8 36. Bf6+ Bxf6 37. Rxf6 Nc4 38. Bxc4 bxc4 39. Rxc6 Re4 40. Rh2 Rd8
41. Kd2 Kg7 42. c3 Re6 43. Rc5 f5 44. Kc2 Kf6 45. Rd2 Red6 46. Rd4 g5 47. hxg5+
Kxg5 48. Kd2 h4 49. Ke3 h3 50. Kf2 h2 51. Kg2 Rh8 52. Kh1 Re6 53. Rd1 Re2 54.
Rcxd5 Rxb2 55. R5d4 Rh4 56. R4d2 Rb3 57. Ra2 Rxc3 58. a4 Rd3 59. Rxd3 cxd3 60.
a5 Rd4 61. Rd2 Ra4 62. Rxd3 Rxa5 63. Kxh2 f4 64. Kg2 Kg4 65. Rd2 Ra3 66. Rc2
Rg3+ 67. Kf1 Re3 68. Kf2 Re4 69. Rd2 Ra4 70. Rc2 Ra3 71. Rd2 Rh3 72. Kg1 f3 73.
Rd7 Rg3+ 74. Kf1 Kf4 75. Rf7+ Ke3 76. Re7+ Kf4 77. Rf7+ Ke3 78. Re7+ Kf4 79.
Rf7+ 1/2-1/2

[Event "AUTO-MASTER-718"]
[Site "http://www.queenalice.com/game.php?id=525779"]
[Date "2009.1.19"]
[Round "1"]
[White "allazzarini"]
[Black "tundish"]
[Result "0-1"]
[WhiteElo "2201"]
[BlackElo "1997"]

1. e4 e6 2. d4 d5 3. Nd2 Nf6 4. e5 Nfd7 5. f4 c5 6. c3 Nc6 7. Ngf3 f6 8. Bb5
cxd4 9. cxd4 Qb6 10. Bxc6 bxc6 11. Qb3 Qa6 12. Qc3 Rb8 13. a3 c5 14. exf6 cxd4
15. Nxd4 Nxf6 16. N2f3 Bb4 17. axb4 Qxa1 18. O-O O-O 19. Nc6 Rb7 20. Nfe5 Qa6
21. Be3 Rc7 22. Rc1 Kh8 23. Qc5 Re8 24. b5 Qb7 25. Qb4 Ne4 26. Ra1 Bd7 27. Ne7
h6 28. Nxd7 Rxd7 29. Rxa7 Qxa7 30. Bxa7 Rxa7 31. Ng6+ Kh7 32. g4 Kxg6 33. b6 Rb7
34. f5+ Kg5 35. Qb5 Nf6 36. Qc6 Reb8 37. fxe6 Rxb6 38. Qc1+ Kxg4 39. e7 Rxb2 40.
Qd1+ Kg5 41. Qd4 Kg6 42. e8=Q+ Nxe8 43. Qxd5 Kh7 44. Qf5+ Kh8 45. Qf8+ Kh7 46.
Qf5+ g6 47. Qf7+ Ng7 48. h3 Rc8 49. Qf4 Rcc2 50. Qf1 Rg2+ 51. Kh1 Rbf2 52. Qb1
Rh2+ 53. Kg1 Rfg2+ 54. Kf1 Rh1+ 55. Kxg2 Rxb1 56. Kg3 Rb4 57. Kf3 Nf5 58. Kf2
Rb3 59. h4 Nxh4 60. Kg1 Rb2 61. Kh1 g5 0-1

[Event "AUTO-MASTER-718"]
[Site "http://www.queenalice.com/game.php?id=525780"]
[Date "2009.1.19"]
[Round "1"]
[White "tundish"]
[Black "allazzarini"]
[Result "1-0"]
[WhiteElo "1973"]
[BlackElo "2181"]

1. e4 e5 2. Nf3 Nc6 3. Bc4 Bc5 4. c3 Nf6 5. d4 exd4 6. cxd4 Bb4+ 7. Bd2 Bxd2+ 8.
Nbxd2 O-O 9. d5 Na5 10. Bd3 d6 11. b4 c6 12. bxa5 Qxa5 13. O-O cxd5 14. exd5
Qxd5 15. Qc2 Bg4 16. Qc4 Qh5 17. Rfe1 Rac8 18. Qd4 a6 19. Re7 Rc5 20. Be2 Rfc8
21. h3 Be6 22. Rxb7 Rd5 23. Qe3 Qg6 24. Nh4 Qc2 25. Nhf3 h6 26. Nb3 Qb2 27. Bxa6
Rc3 28. Qe1 Rxf3 29. gxf3 Rg5+ 30. Kh2 Rh5 31. Bf1 Bd5 32. Rb8+ Kh7 33. Bd3+ g6
34. Qe2 Qa3 35. Rg1 Qa7 36. Rd8 Qc7 37. Re8 Bxf3 38. Qxf3 d5+ 39. Kh1 Qd7 40.
Re3 Ne4 41. Bxe4 dxe4 42. Qg3 g5 43. Nc5 Qd5 44. Nxe4 f5 45. Qf3 Kg6 46. Nxg5
1-0

[Event "Challenge"]
[Site "http://www.queenalice.com/game.php?id=574536"]
[Date "2009.4.19"]
[Round "-"]
[White "waldi"]
[Black "tundish"]
[Result "0-1"]
[WhiteElo "1902"]
[BlackElo "2016"]

1. d4 Nf6 2. Bg5 Ne4 3. Bh4 c5 4. f3 g5 5. fxe4 gxh4 6. Nf3 Qb6 7. b3 cxd4 8.
Qxd4 Qxd4 9. Nxd4 Bg7 10. c3 Nc6 11. Nxc6 dxc6 12. e3 Be6 13. Be2 O-O-O 14. O-O
h5 15. Rf4 Bf6 16. Rf1 Bg4 17. Bc4 Bg5 18. Kf2 h3 19. g3 Rd6 20. Bxf7 Rf6+ 21.
Ke1 Rxf1+ 22. Kxf1 Rf8 23. Na3 Bxe3 24. Nc4 Bh6 25. Ne5 Bg7 26. Kg1 Bxe5 27. Rf1
Kc7 28. c4 Bd4+ 29. Kh1 Be6 30. e5 Rxf7 31. Rxf7 Bxf7 32. b4 Bxc4 33. a3 Bd5#
0-1

[Event "Challenge"]
[Site "http://www.queenalice.com/game.php?id=697982"]
[Date "2009.12.14"]
[Round "-"]
[White "waldi"]
[Black "tundish"]
[Result "0-1"]
[WhiteElo "2041"]
[BlackElo "2029"]

1. e4 c5 2. Bc4 Nc6 3. Qh5 e6 4. Nf3 Nf6 5. Qh4 Be7 6. Qg3 O-O 7. d3 d5 8. exd5
exd5 9. Bb5 Qa5+ 10. Nc3 d4 11. Bxc6 bxc6 12. Bd2 dxc3 13. Bxc3 Qd8 14. O-O-O
Be6 15. Kb1 Qd5 16. b3 a5 17. a4 Rab8 18. Nd2 g6 19. Bxa5 Qd4 20. Bc7 Rb7 21.
Be5 Qxa4 22. Bb2 Qa6 23. Ne4 Nxe4 24. dxe4 c4 25. Qe5 f6 26. Qxe6+ Rf7 27. Rd7
Rxd7 28. Qxd7 cxb3 29. cxb3 Bc5 30. Qe8+ Kg7 31. e5 Qd3+ 32. Ka1 Ra7+ 33. Ba3
Rxa3+ 34. Kb2 Qd2+ 35. Kb1 Rxb3+ 36. Ka1 Qb2# 0-1

[Event "Challenge"]
[Site "http://www.queenalice.com/game.php?id=745488"]
[Date "2010.3.13"]
[Round "-"]
[White "aguascachondas"]
[Black "tundish"]
[Result "0-1"]
[WhiteElo "1261"]
[BlackElo "2027"]

1. e4 c5 2. Qf3 Nc6 3. Bc4 Nf6 4. b3 Ne5 5. Qc3 Nxc4 6. Qxc4 d6 7. Qb5+ Qd7 8.
Qc4 b5 9. Qe2 Bb7 10. d3 g6 11. e5 dxe5 12. Qxe5 Bxg2 13. Bg5 Bg7 14. Qxc5 Rc8
15. Qe5 O-O 16. Ne2 Bxh1 17. Nbc3 Nd5 18. Qg3 Nxc3 19. Kd2 Nxe2 20. Kxe2 Rxc2+
21. Kd1 Rc5 22. Ke1 Bxa1 23. Bh6 Qe6+ 24. Be3 Bd4 25. Qg1 Rc1+ 0-1

[Event "tundish"]
[Site "http://www.queenalice.com/game.php?id=847365"]
[Date "2010.10.17"]
[Round "1"]
[White "tundish"]
[Black "ClivetheBeard"]
[Result "0-1"]
[WhiteElo "2045"]
[BlackElo "2358"]

1. Nf3 Nc6 2. d4 d5 3. Bf4 Bg4 4. Nbd2 e6 5. h3 Bxf3 6. Nxf3 Bd6 7. e3 a6 8. c3
Nge7 9. Bd3 Ng6 10. Bg5 f6 11. Bh4 Qe7 12. Qa4 Nxh4 13. Nxh4 f5 14. Nf3 O-O 0-1

[Event "Substitute Game"]
[Site "http://www.queenalice.com/game.php?id=866330"]
[Date "2010.12.1"]
[Round "-"]
[White "tundish"]
[Black "ClivetheBeard"]
[Result "0-1"]
[WhiteElo "2042"]
[BlackElo "2379"]

1. c4 Nc6 2. g3 f5 3. Bg2 Nf6 4. Nc3 e6 5. d4 Bb4 6. Nf3 Ne4 7. Qc2 O-O 8. O-O
Bxc3 9. bxc3 d6 10. Nd2 Nxd2 11. Bxd2 Qe8 12. Rab1 e5 13. Bd5+ Kh8 14. Qd3 Rb8
15. Bg2 b6 0-1